Ebrei e fascismo a Bologna /

Guardat en:
Dades bibliogràfiques
Autor principal: Onofri, Nazario Sauro (Autor)
Format: Llibre
Idioma:italià
Publicat: Crespellano : Grafica Lavino, 1989
Matèries:
Etiquetes: Afegir etiqueta
Sense etiquetes, Sigues el primer a etiquetar aquest registre!

MARC

LEADER 00000nam a2200000 i 4500
001 IT\ICCU\CFI\0095619
003 ItRI
005 20260115232328.0
008 890617s1989 it |||||| ||||| |||||c
015 |2 IT  |a 89-7156 
040 |b ita  |c importazione bologna sebina 
041 7 |a ita  |2 ISO-639-2 
082 |a 945.41004924  |9 STORIA DI BOLOGNA (PROV.). Ebrei  |2 19 
100 1 |a Onofri, Nazario Sauro  |0 IT\ICCU\CFIV\008076  |4 aut 
245 1 0 |a Ebrei e fascismo a Bologna /  |c Nazario Sauro Onofri. 
260 |a Crespellano :  |b Grafica Lavino,  |c 1989 
300 |a 270 p. ;  |c 21 cm. 
650 7 |a EBREI  |x PERSECUZIONI  |x BOLOGNA  |x 1938-1945  |2 scbi 
942 |2 ddc  |c BK  |n 0 
952 |0 0  |1 0  |4 0  |6 DOC_945_410000000000000_ONO  |7 0  |9 24263  |a BO  |b BO  |d 2026-01-15  |i 6562  |l 0  |o DOC 945.410 ONO  |p BO6562  |r 2026-01-15 23:23:28  |w 2026-01-15  |x [Sebina 5] [1 v.]  |y BK  |z 1 v. 
999 |c 20654  |d 20654